| 000 | 01602nam a2200253Ia 4500 | ||
|---|---|---|---|
| 001 | 113738 | ||
| 003 | DR-UNIBE | ||
| 005 | 20250609090438.0 | ||
| 008 | 250605b2025 dr ||||| |||| 00| 0 spa d | ||
| 020 | _a9789945949407 | ||
| 040 |
_aBIBLIOTECA UNIBE _cBIBLIOTECA UNIBE _erda |
||
| 041 | _aspa | ||
| 082 | 0 | _aRD 863.5 C744L | |
| 110 |
_aConcurso Expresiones de Arte (CEBC) _9196199 |
||
| 245 | 0 | _aLenguaje artístico : premios del primer concurso expresiones de arte CEBC 2023 | |
| 260 | 4 |
_aSanto Domingo : _bClub de Empleados del Banco Central, _c2025 |
|
| 300 | 4 |
_a60 páginas : _bilustraciones, fotografías |
|
| 490 |
_aColección expresiones de arte ; _vvol. 1 |
||
| 505 | _aIntroducción | Cuento| Obra premiada. El piloto de Watermelon / Leonardo David Sanchez Contreras| Pintura| Obra premiada. Seulement 5% / Ángelo Rivas Lorenzo| Mención de honor. Mi gran árbol / Franchesca Rivas Lorenzo| Imagen digital| Obra premiada. Amistad de diferentes universos / Annabella Sánchez GonzáIez, | Mención de honor. Los pedidos del amor / Ángelo Rivas Lorenzo| Canto| Obra premiada. Mañana a las tres / Pedro A. Martínez Pérez| Mención de honor. Te ofrezco / Lía Rachelle Colón| Ganadores del concurso expresiones de arte CEBC 2023| Miembros del jurado del concurso expresiones de arte CEBC 2023| Miembros de la Junta Directiva del Club de Empleados del Banco Central de la República Dominicana | | ||
| 650 |
_aCuentos dominicanos _9104927 |
||
| 650 |
_aLiteratura dominicana _9104928 |
||
| 942 |
_cBK _2ddc |
||
| 951 | _a20061022 10:18:00 | ||
| 999 |
_c113739 _d113739 |
||